000
00323nam a2200121Ia 4500
008
210428s9999 xx 000 0 und d
082
_a
624 G9751 G
100
_a
Ludwig Stiefel
_9
52230
245
0
_a
Gun Propulsion Technology
260
_b
American Institute of Aeronautics
_a
America
_c
1988
300
_a
558p
942
_c
BK
999
_c
560007
_d
560007